000 00637nam a2200205Ii 4500
003 JO-AjNU
008 230605s9999||||xx |||||||||||||| ||und||
017 _a1986/7/311
040 _aJO-AjNU
_bara
_erda
_cJO-AjNU
041 _aara
050 1 4 _aPJ7848.I8.A17 1986
100 3 _aداود، محمد إسماعيل,
_eauthor
_948608
245 0 0 _aيا قدس.. : ديوان شعر
264 3 1 _aعمان: المؤلف، 1986
300 _a162ص
336 _atext
_btxt
_2rdacontent
337 _aunmediated
_bn
_2rdamedia
338 _avolume
_bnc
_2rdacarrier
650 4 _aالشعر العربي - فلسطين - قرن 20
_948609
999 _aA21299
_c24867
_d24867